| 000 | nam a22 a 4500 | ||
|---|---|---|---|
| 999 |
_c116085 _d116085 |
||
| 003 | BLK | ||
| 005 | 20220608093502.0 | ||
| 008 | 180409b bul|||||r ||||||| ||bul|| | ||
| 010 | _aKNG00121614000 | ||
| 040 | _aBLK | ||
| 041 |
_aBUL _cBUL |
||
| 080 |
_aМузиканти-творци, композитори _b78.071.1 _x(430)(092) _z78.071.1(430)(092) |
||
| 080 |
_aНемски композитор _b929 Глук, Кристоф Вилибалд _z929 Глук, Кристоф Вилибалд |
||
| 100 | 1 |
_aАберт, Ана Амалия _eпърви автор _9314512 |
|
| 139 |
_aАберт, Ана Амалия _bГ 56 |
||
| 245 | 1 | 0 |
_aКристоф Вилибалд Глук _bЖивот и творчество _cАна Амалия Аберт; прев. от нем. Роз-Мари Кожухарова. |
| 257 | _aDEU | ||
| 260 |
_bНаука и изкуство _c1966 _aСофия |
||
| 300 |
_a194 с. _bс ноти _c25 см |
||
| 380 | _a7 | ||
| 490 |
_aБиблиотека Световни композитори _9204949 |
||
| 500 | _aБиблиогр. с. 191-192. | ||
| 600 | 1 | 4 |
_aГлук, Кристоф Вилибалд _9246094 |
| 650 | 4 |
_aКомпозитори, немски - биографии _9248173 |
|
| 653 | _aГермания | ||
| 653 | _aкомпозитори | ||
| 653 | _aОпера | ||
| 653 | _aКристоф Вилибалд Глук | ||
| 700 | 1 |
_aКожухарова, Роз-Мари _eпрев. от нем. _9279397 |
|
| 852 |
_aЦб 39024 _bЦб |
||
| 856 | 4 | _qpdf | |
| 856 | 4 | _qpdf | |
| 942 |
_cKNG _n0 _s1 |
||
| 944 |
_aCR _c07.03.2011 _lдобави в АБ / 02.03.2011 _kКети_Илиева |
||
| 944 |
_aED _c07.03.2011 _lдобави в АБ / 02.03.2011 |
||
| 999 | _d116085 | ||
| 999 | _d116085 | ||